000 00267nam a22001217a 4500
003 SGT
082 _bSHA
100 _aSHARMA, MADHULIKA
245 _aSHIKSHA KE SAMAJSHASTRIY PRIPRECHH
260 _aDELHI
_bKANISHKA PUB.
_c2014
300 _a200
942 _2ddc
_cBK
999 _c19927
_d19927